000
00288nam a2200133Ia 4500
100
_a
Brown .J. A. C.
942
_c
BK
654
_a
Psychology.
245
_a
The social psychology of industry.
260
_b
Penguin Books
_c
2001
082
_a
158.7
300
_a
309
546
_a
ENGLISH
999
_c
24521
_d
24521